Ku korupcii vedie nenápadný, roky trvajúci proces
Veľké šakandály nemeckých spoločností Volkswagen, DaimlerChrysler, Infineon a Commerzbank. Podozrenie z úplatkárstva, prania špinavých peňazí a podvodov. Príčina - slabé kontroly. Svetová databanka americkej spoločnosti sústreďujúca informácie o osobách a firmách, ktoré sa previnili korupciou či pod...
Na minha lista:
| Autor principal: | |
|---|---|
| Formato: | Capítulo de Livro |
| Idioma: | eslovaco |
| Assuntos: | |
| Tags: |
Sem tags, seja o primeiro a adicionar uma tag!
|
MARC
| LEADER | 00000naa$a2200000$$$4500 | ||
|---|---|---|---|
| 001 | 0032349 | ||
| 005 | 20231004130216.1 | ||
| 041 | 0 | |a slo | |
| 044 | |a SK | ||
| 245 | 1 | 0 | |a Ku korupcii vedie nenápadný, roky trvajúci proces |c Soňa Zverková |
| 520 | |a Veľké šakandály nemeckých spoločností Volkswagen, DaimlerChrysler, Infineon a Commerzbank. Podozrenie z úplatkárstva, prania špinavých peňazí a podvodov. Príčina - slabé kontroly. Svetová databanka americkej spoločnosti sústreďujúca informácie o osobách a firmách, ktoré sa previnili korupciou či podvodom. Ako vzniká korupcia. Psychologické aspekty. | ||
| 610 | 2 | 0 | |a spoločnosti |
| 610 | 2 | 0 | |a manažéri |
| 610 | 2 | 0 | |a morálka |
| 610 | 2 | 0 | |a korupcia |
| 610 | 2 | 0 | |a podvody |
| 610 | 2 | 0 | |a pranie špinavých peňazí |
| 610 | 2 | 0 | |a činnosť trestná |
| 610 | 2 | 0 | |a psychológia |
| 610 | 2 | 0 | |a Nemecko |
| 100 | 1 | |a Zverková, Soňa | |